| 000 | 01074nam a2200301 a 4500 | ||
|---|---|---|---|
| 003 | DO-SdBPM | ||
| 005 | 20241112105912.0 | ||
| 008 | 100824s1979 dr r 000 0 spa d | ||
| 040 |
_aDO-SdBPM _bspa _cBPMSU |
||
| 082 | 4 |
_aRD868.44 _bB171d 1979 _222 |
|
| 100 | 1 |
_aBalaguer, Joaquín, _d1906-2002 _92 |
|
| 100 | z |
_aBalaguer y Ricardo, Joaquín, _d 1906-2002 |
|
| 100 | z |
_aBalaguer Ricardo, Joaquín, _d1906-2002 |
|
| 100 | z |
_aRicardo, Joaquín Balaguer y, _d1906-2002 |
|
| 245 | 1 | 0 |
_aDiscursos / _cJoaquín Balaguer. |
| 246 | 1 | 3 | _aMensajes presidenciales |
| 260 |
_aSanto Domingo : _bManuel Pareja, _c1979 |
||
| 300 |
_av. ; _c26 cm. |
||
| 490 | 0 |
_aDiscursos, _v5 |
|
| 505 | 0 | _aV. 5 : Mensajes presidenciales | |
| 590 | _aInventariado, 2024/VM | ||
| 600 | 1 | 4 |
_aBalaguer, Joaquín, _d1906-2002 _xEnsayos, conferencias, etc. |
| 650 | 4 |
_aDiscursos presidenciales _zRepública Dominicana |
|
| 651 | 1 | 4 |
_aRepública Dominicana _xPolítica y gobierno _y1961- |
| 740 | _aMensajes al pueblo dominicano | ||
| 910 | _aVMateo V. Control de calidad BPMSU | ||
| 942 |
_2ddc _cBK |
||
| 999 |
_c14861 _d14861 |
||